Loading...
| Other Arts: Auditory | 1 | 2 | 0 | 0 | 35 | 74 | 86.67 | 2 | 3 |
| Literature - American Literature | 0 | 3 | 0 | 0 | 30 | 73 | 102.33 | 2 | 3 |
| Philosophy | 1 | 1 | 0 | 0 | 25 | 75 | 75.50 | 0 | 2 |
| Fine Arts - Visual Fine Arts | 0 | 2 | 0 | 1 | 20 | 79 | 109.50 | 1 | 2 |
| Fine Arts - Auditory Fine Arts | 0 | 2 | 0 | 0 | 20 | 91 | 106.00 | 2 | 2 |
| Ancient History and Archaeology | 0 | 2 | 0 | 1 | 20 | 112 | 124.50 | 2 | 2 |
| Social Science | 0 | 1 | 0 | 0 | 10 | 106 | 106.00 | 0 | 1 |
| Beliefs | 0 | 1 | 0 | 0 | 10 | 127 | 127.00 | 1 | 1 |
| British and Commonwealth History | 0 | 1 | 0 | 0 | 10 | 110 | 110.00 | 0 | 1 |
| Geography | 0 | 1 | 0 | 0 | 10 | 71 | 71.00 | 0 | 1 |
| History - European History | 0 | 1 | 0 | 0 | 10 | 80 | 80.00 | 1 | 1 |
| Science - Biology | 0 | 1 | 0 | 1 | 10 | 128 | 128.00 | 0 | 1 |